[Event "Idaho Open (Open)"]
[Site "Pocatello, ID"]
[Date "2011.04.17"]
[Round "4.3"]
[White "Kobernat, Alan E"]
[Black "Black, Clancey George"]
[Result "1-0"]
[WhiteElo "2021"]
[BlackElo "1233"]

1. c4 e5 2. g3 Nf6 3. Bg2 Bc5 4. Nc3 O-O 5. Nf3 e4 6. Ng5 Bxf2+ 7. Kxf2 Ng4+
8. Ke1 Qxg5 9. Nxe4 Qg6 10. d3 f5 11. Nf2 Nxh2 12. Rxh2 Qxg3 13. Bd5+ Kh8 14.
Rg2 Qh4 15. Bg5 Qd4 16. e3 Qxb2 17. Nh3 Qc3+ 18. Kf1 c6 19. Rc1 Qa3 20. Bf3 d6
21. Nf4 Na6 22. Qd2 Nb4 23. Rc3 Qa5 24. Rb3 c5 25. Bd5 Qa6 26. Ng6+ hxg6 27.
Rh2# 1-0

[Event "Idaho Open (Open)"]
[Site "Pocatello, ID"]
[Date "2011.04.17"]
[Round "5.2"]
[White "Owen, Gary"]
[Black "Manross, Sean"]
[Result "1/2-1/2"]
[WhiteElo "1589"]
[BlackElo "1906"]

1. e4 e6 2. d4 d5 3. e5 c5 4. Nf3 Nc6 5. c3 Qb6 6. Be2 Bd7 7. O-O cxd4 8. cxd4
Nge7 9. Nc3 Rc8 10. Na4 Qc7 11. Be3 Nf5 12. Rc1 Be7 13. Nc5 O-O 14. Qd2 b6 15.
Nxd7 Qxd7 16. Ba6 Rc7 17. a3 Na5 18. Rxc7 Qxc7 19. Rc1 Qd7 20. Rc3 Rb8 21. b4
Nb7 22. Qc2 Nxe3 23. fxe3 Bd8 24. Bd3 g6 25. a4 Qe7 26. Rc8 Rxc8 27. Qxc8 Qc7
28. Qxc7 Bxc7 29. Ba6 Nd8 30. b5 Kg7 31. Kf2 f6 32. exf6+ Kxf6 33. g4 Nf7 34.
h4 Nd6 35. Nd2 h5 36. g5+ Kf5 37. Kf3 Bb8 38. Nf1 Ne4 39. Bc8 Bd6 40. Ke2 Ng3+
41. Nxg3+ Bxg3 42. e4+ dxe4 43. d5 Ke5 44. dxe6 Kd6 45. Bd7 Bxh4 46. Be8 Bxg5
47. Bxg6 Kxe6 48. Bxe4 Ke5 49. Kf3 Kd4 50. Bc2 Kc3 51. Bd1 Kd3 52. Bb3 Bd2 53.
Kg3 Be1+ 54. Kf3 Kd4 55. Bd1 Ke5 56. Ke3 h4 57. Kf3 Kf5 58. Bc2+ Kg5 59. Kg2
Kg4 60. Bd1+ Kf4 61. Kh3 Ke3 62. Kg4 Bg3 63. Bc2 Kd4 64. Bd1 Kc4 65. Kf3 Kb4
66. Kg4 Ka5 67. Kf3 a6 68. bxa6 Kxa6 69. Kg4 Ka5 70. Kf3 Bc7 71. Kg4 Bd8 72.
Kf3 Kb4 73. Kg4 Kc4 74. Kf3 Kd4 75. Kg4 Ke3 76. Bb3 Kf2 77. Kh3 Be7 78. Bd5
Ke3 79. Bc6 Kd4 80. Kg4 Kc5 81. Bb5 Bd8 82. Be8 Kb4 83. Bd7 Be7 {#d} 1/2-1/2

[Event "ICA Players Mem-Open"]
[Site "Boise, ID"]
[Date "2011.05.14"]
[Round "1.1"]
[White "Gustafsson, Alexander Kenneth"]
[Black "Harris, Hank"]
[Result "1-0"]
[WhiteElo "1972"]
[BlackElo "1686"]

1. e4 c5 2. Nf3 Nc6 3. d4 cxd4 4. Nxd4 d6 5. Nc3 a6 6. Be2 g6 7. Be3 Bg7 8.
Qd2 Nf6 9. O-O O-O 10. h3 Bd7 11. f4 e5 12. Nb3 Qc7 13. Rad1 d5 14. exd5 Na7
15. d6 Qc8 16. fxe5 Nh5 17. Bxh5 gxh5 18. Nd5 Kh8 19. Nb6 Qd8 20. Nxa8 Bxh3
21. gxh3 Bxe5 22. Bd4 Kg8 23. Kh1 Nc6 24. Bxe5 Nxe5 25. Qf4 {#r} 1-0

[Event "ICA Players Mem-Open"]
[Site "Boise, ID"]
[Date "2011.05.14"]
[Round "1.2"]
[White "Douglas, Kurt P"]
[Black "Sawyer, David L"]
[Result "0-1"]
[WhiteElo "1680"]
[BlackElo "1941"]

1. e4 c5 2. Nf3 g6 3. d4 cxd4 4. Nxd4 Nc6 5. Nc3 Bg7 6. Be3 Nf6 7. Be2 O-O 8.
Qd2 d5 9. Nxc6 bxc6 10. exd5 cxd5 11. O-O Bb7 12. Rfd1 e6 13. Bh6 Qb6 14. Bxg7
Kxg7 15. b3 Rac8 16. Na4 Qc6 17. Rac1 Rfd8 18. Qd4 e5 19. Qxa7 d4 20. Bf1 Nd5
21. Qa5 f6 22. Qb5 Qc7 23. Qe2 Bc6 24. Nc5 Qe7 25. Ne4 f5 26. Ng3 Nc3 27. Qe1
Nxd1 28. Rxd1 Qc5 29. Qd2 f4 30. Ne2 f3 31. Ng3 fxg2 32. Bd3 Bf3 33. Re1 Qc3
34. Ne4 Qc6 35. Ng5 Re8 36. Nxf3 Qxf3 37. Be4 Qf4 38. Qxf4 exf4 39. Kxg2 Rxc2
40. Bxc2 Rxe1 41. Kf3 g5 42. Bd3 h5 43. a4 Kf6 44. a5 Ke5 45. a6 g4+ 46. Kg2
Ra1 47. h3 gxh3+ 48. Kxh3 Ra3 {#R} 0-1

[Event "ICA Players Mem-Open"]
[Site "Boise, ID"]
[Date "2011.05.14"]
[Round "2.2"]
[White "Sawyer, David L"]
[Black "Stakland, Tim J"]
[Result "1/2-1/2"]
[WhiteElo "1941"]
[BlackElo "1755"]

1. e4 e5 2. Nf3 Nc6 3. Bb5 a6 4. Bxc6 dxc6 5. O-O Bg4 6. h3 h5 7. d3 Qf6 8.
Nbd2 Ne7 9. Re1 Ng6 10. Nc4 Bxf3 11. Qxf3 Qxf3 12. gxf3 O-O-O 13. Kf1 Bd6 14.
Ke2 Nf8 15. Nxd6+ cxd6 16. f4 Nd7 17. f5 d5 18. Be3 Nf6 19. Bg5 dxe4 20. dxe4
Rd6 21. Bxf6 Rxf6 22. Rg1 g6 23. fxg6 fxg6 24. Rg5 Rhf8 25. Rf1 Re8 26. Re1
Ref8 27. Rf1 Re8 28. Rfg1 Ref8 29. R1g2 Rf4 30. Rxe5 R8f6 31. Re7 b6 32. e5
R6f5 33. Rxg6 Rxf2+ 34. Ke3 R5f3+ 35. Kd4 Rf4+ 36. Ke3 R2f3+ 37. Ke2 Rf2+ {#d}
1/2-1/2

[Event "ICA Players Mem-Open"]
[Site "Boise, ID"]
[Date "2011.05.14"]
[Round "3.2"]
[White "Vasquez, David X"]
[Black "Henderson, Michael"]
[Result "1-0"]
[WhiteElo "1939"]
[BlackElo "1865"]

1. d4 Nf6 2. c4 c5 3. d5 b5 4. cxb5 g6 5. Nc3 a6 6. e3 d6 7. Bc4 Bg7 8. Nf3
O-O 9. O-O Nbd7 10. Re1 Nb6 11. Bf1 Nfd7 12. e4 Ne5 13. Nxe5 Bxe5 14. Be3 axb5
15. Bxb5 Bd7 16. Bxd7 Nxd7 17. Re2 Qa5 18. Rc2 Rfb8 19. Rac1 Qb4 20. a3 Qb3
21. Rb1 Nb6 22. Rcc1 Na4 23. g3 Qxd1+ 24. Nxd1 Nxb2 25. Nxb2 Bxb2 26. Rc2 Bxa3
27. Rxb8+ Rxb8 28. Ra2 Rb3 29. Bg5 f6 30. Be3 c4 31. Kg2 Kf7 32. h4 c3 33. Rc2
e5 34. Kf1 Bb4 35. Ke2 Ke7 36. Kd3 Kd7 37. Ra2 Kc8 38. Kc2 Rb2+ 39. Rxb2 cxb2
40. Kxb2 Kb7 41. Kb3 Ba5 42. Kc4 Ka6 43. g4 Bd8 44. h5 gxh5 45. gxh5 Ka5 46.
f3 Ka6 47. Bh6 Ka5 48. Bf8 Bc7 49. Be7 Ka4 50. Bxf6 Ka3 {#r} 1-0

[Event "ICA Players Mem-Open"]
[Site "Boise, ID"]
[Date "2011.05.15"]
[Round "4.1"]
[White "Gustafsson, Alexander Kenneth"]
[Black "Vasquez, David X"]
[Result "0-1"]
[WhiteElo "1972"]
[BlackElo "1939"]

1. e4 e5 2. Nf3 Nc6 3. Bb5 a6 4. Ba4 Nf6 5. O-O Be7 6. Re1 b5 7. Bb3 d6 8. c3
O-O 9. h3 Bb7 10. d4 Re8 11. Nbd2 Bf8 12. Bc2 h6 13. a4 exd4 14. cxd4 Nb4 15.
Bb1 c5 16. e5 dxe5 17. dxe5 Nfd5 18. Ne4 Nb6 19. axb5 Qxd1 20. Rxd1 axb5 21.
Rxa8 Bxa8 22. Be3 Nc4 23. Nd6 Nxe3 24. fxe3 Rd8 25. Bf5 g6 26. Bb1 Be4 27. Kf2
Bc6 28. Rc1 Bxd6 29. exd6 Rxd6 30. Rxc5 Rd1 31. Nd4 Rxb1 {#R} 0-1

[Event "ICA Players Mem-Open"]
[Site "Boise, ID"]
[Date "2011.05.15"]
[Round "5.1"]
[White "Vasquez, David X"]
[Black "Stakland, Tim J"]
[Result "1/2-1/2"]
[WhiteElo "1939"]
[BlackElo "1755"]

1. d4 Nf6 2. c4 g6 3. Nc3 d5 4. cxd5 Nxd5 5. e4 Nxc3 6. bxc3 Bg7 7. Be3 c5 8.
Qd2 Qa5 9. Rc1 cxd4 10. cxd4 Qxd2+ 11. Bxd2 O-O 12. Ne2 Rd8 13. Be3 e6 14. g3
Nc6 15. Rd1 b6 16. Bg2 Ba6 17. e5 Rac8 18. Be4 Bf8 19. f4 Nb4 20. Rd2 Bc4 21.
Bb1 Nd5 22. Kf2 Bb4 23. Rc2 Rc7 24. Bd2 Rdc8 25. Bxb4 Nxb4 26. Rd2 Nc6 27.
Rhd1 {#d} 1/2-1/2

[Event "ICA Players Mem-Open"]
[Site "Boise, ID"]
[Date "2011.05.15"]
[Round "5.2"]
[White "Douglas, Kurt P"]
[Black "Gustafsson, Alexander Kenneth"]
[Result "1-0"]
[WhiteElo "1680"]
[BlackElo "1972"]

1. e4 c5 2. Nf3 d6 3. d4 cxd4 4. Nxd4 Nf6 5. Nc3 a6 6. Be3 e5 7. Nb3 Be6 8.
Qd2 Nbd7 9. Be2 Be7 10. O-O-O b5 11. f3 Nb6 12. g4 Nfd7 13. Nd5 Bxd5 14. exd5
Nc4 15. Bxc4 bxc4 16. Na5 O-O 17. Nc6 Qe8 18. Qb4 f5 19. Qxc4 Rc8 20. Qxa6
fxg4 21. fxg4 Rf3 22. Nxe7+ Qxe7 23. Qxc8+ {#r} 1-0

[Event "ICU Twin Falls City Ch"]
[Site "Twin Falls, ID"]
[Date "2011.06.25"]
[Round "1.1"]
[White "Patterson, Emily N"]
[Black "Buckendorf Jr., Glen"]
[Result "1-0"]
[WhiteElo "1516"]
[BlackElo "1800"]

1. e4 c5 2. f4 d6 3. Nf3 Nc6 4. Bc4 Nf6 5. Nc3 Nd4 6. e5 dxe5 7. Nxe5 Be6 8.
Bxe6 Nxe6 9. d3 Qd4 10. Qf3 Rb8 11. Be3 Qb4 12. O-O-O Nd4 13. Bxd4 cxd4 14. a3
Qc5 15. Ne2 Rc8 16. Rd2 Nd5 17. Qe4 f6 18. Nc4 Rc6 19. Nxd4 b5 20. Nxc6 Qxc6
21. Ne3 e6 22. Nxd5 Qxd5 23. Qxd5 exd5 24. Re1+ Kd7 25. c4 bxc4 26. dxc4 Bd6
27. Rxd5 Rc8 28. b3 Kc6 29. Re6 Kd7 30. Rexd6+ Ke7 31. Rd7+ Kf8 32. Rd8+ Rxd8
33. Rxd8+ Ke7 34. Ra8 Ke6 35. Rxa7 g5 36. fxg5 fxg5 37. Rxh7 {#r} 1-0

[Event "ICU Twin Falls City Ch"]
[Site "Twin Falls, ID"]
[Date "2011.06.25"]
[Round "2.1"]
[White "Patterson, Emily N"]
[Black "Imamovic, Nedzad"]
[Result "0-1"]
[WhiteElo "1516"]
[BlackElo "1800"]

1. e4 c5 2. f4 d6 3. Nf3 Nf6 4. Nc3 a6 5. e5 dxe5 6. Nxe5 g6 7. Bc4 e6 8. g4
Bg7 9. a4 Qd4 10. d3 Nbd7 11. Nxd7 Bxd7 12. Qe2 O-O-O 13. g5 Nh5 14. Ne4 Bc6
15. c3 Qd7 16. Nxc5 Qc7 17. Rf1 Bd5 18. d4 Rhe8 19. Be3 f6 20. O-O-O Rd6 21.
Bxd5 exd5 22. Qg4+ f5 23. Qf3 b5 24. axb5 axb5 25. Kc2 Kd8 26. Ra1 Ke7 27. Ra6
Rxa6 28. Nxa6 Qb6 29. Nb4 Kf8 30. Nxd5 Qc6 31. Nb4 Qc4 32. b3 Qc8 33. Kd3 Re4
34. Ra1 Qb7 35. Qh1 Kg8 36. Na6 Bf8 37. Qb1 Nxf4+ 38. Bxf4 Rxf4 39. Qe1 Re4
40. Qf1 Qd5 41. Kc2 Be7 42. Nc7 Qc6 43. Ra8+ Kf7 44. Ra7 Rxd4 45. Qxb5 Qg2+
46. Kc1 Bxg5+ 47. Kb1 Rd1# 0-1

[Event "ICU Twin Falls City Ch"]
[Site "Twin Falls, ID"]
[Date "2011.06.25"]
[Round "2.4"]
[White "Buckendorf Jr., Glen"]
[Black "Patterson, Katie Rae"]
[Result "1-0"]
[WhiteElo "1800"]
[BlackElo "1019"]

1. e4 e5 2. Nf3 Nc6 3. Bb5 a6 4. Ba4 Nf6 5. Bxc6 bxc6 6. Nxe5 Bd6 7. Nc4 O-O
8. O-O Nxe4 9. d3 Qh4 10. g3 Qh3 11. dxe4 Bb7 12. Be3 c5 13. Nbd2 f5 14. Nxd6
cxd6 15. f3 fxe4 16. fxe4 d5 17. Bxc5 Rxf1+ 18. Qxf1 Qxf1+ 19. Rxf1 dxe4 20.
Nc4 Re8 21. Nd6 Re7 22. Nxb7 Rf7 23. Rxf7 Kxf7 24. Nd6+ Kg6 25. Nxe4 Kf5 26.
Nc3 g5 27. Kf2 h5 28. Ke3 h4 29. gxh4 gxh4 30. Bd6 Kg4 31. Ke4 Kh3 32. Na4 a5
33. Nc5 Kg2 34. Nxd7 a4 35. Nc5 a3 36. b3 h3 37. Nd3 Kf1 38. Bxa3 Kg2 39. Bd6
Kg1 40. c4 Kg2 41. c5 Kh1 42. c6 Kg2 43. c7 Kh1 44. c8=Q Kg1 45. Kf3 Kh1 46.
Qc1# 1-0

[Event "ICU Twin Falls City Ch"]
[Site "Twin Falls, ID"]
[Date "2011.06.25"]
[Round "3.2"]
[White "Buckendorf Jr., Glen"]
[Black "Flores, Israel"]
[Result "0-1"]
[WhiteElo "1800"]
[BlackElo "1200"]

1. e4 e5 2. Nf3 Nc6 3. Bb5 d6 4. d4 a6 5. Bxc6+ bxc6 6. dxe5 Bg4 7. exd6 cxd6
8. Nc3 Nf6 9. h3 Bh5 10. Bg5 Be7 11. O-O O-O 12. e5 Bxf3 13. Qxf3 dxe5 14.
Qxc6 Qa5 15. Bxf6 Bxf6 16. Ne4 Bh4 17. c3 Rac8 18. Qd7 Rfd8 19. Qg4 Be7 20. b4
Qa3 21. Rfb1 g6 22. Rb3 Qa4 23. Qe2 Kg7 24. Nc5 Bxc5 25. bxc5 Rxc5 26. Rb4 Qc6
27. Rab1 a5 28. Rb6 Qd5 29. R1b5 f6 30. Rb7+ Kg8 31. R5b6 f5 32. Rb5 e4 33.
Rxc5 Qxc5 34. Rb5 Qxc3 35. Rb7 Qd3 36. Qb2 Qd1+ 37. Kh2 Qd6+ 38. g3 Rd7 39.
Qb3+ Kf8 40. Rb8+ Kg7 41. Qg8+ Kh6 42. Qh8 e3 43. Rb2 f4 44. Qc3 exf2 45. Qf3
fxg3+ 46. Kg2 Qd5 47. Rb1 Qxf3+ 48. Kxf3 Rd3+ 49. Ke2 Ra3 50. Rb2 Kh5 51. Kf1
Kh4 52. Kg2 g5 53. Rd2 g4 54. Rd4 Rxa2 55. Rxg4+ Kh5 56. Rxg3 a4 57. Rf3 a3
58. Rf5+ Kg6 59. Rf3 h5 60. Rg3+ Kf5 61. Rf3+ Ke4 62. Kg3 {(Time Forfeit)}
{#R} 0-1

[Event "ICU Twin Falls City Ch"]
[Site "Twin Falls, ID"]
[Date "2011.06.25"]
[Round "4.1"]
[White "Flores, Israel"]
[Black "Imamovic, Nedzad"]
[Result "1-0"]
[WhiteElo "1200"]
[BlackElo "1800"]

1. e4 c5 2. Nf3 d6 3. Bc4 Nf6 4. d3 g6 5. h3 Bg7 6. Nc3 a6 7. a3 Bd7 8. Qe2
O-O 9. Bg5 b5 10. Ba2 b4 11. axb4 cxb4 12. Nd1 Bb5 13. c3 bxc3 14. bxc3 Kh8
15. O-O Nbd7 16. Nd4 Nc5 17. Nxb5 axb5 18. Ne3 h6 19. Bh4 g5 20. Bg3 Ng8 21.
Rac1 e6 22. Bb1 Ra3 23. d4 Nb3 24. Rc2 Qb6 25. Ra2 Rfa8 26. f4 Nxd4 27. cxd4
Bxd4 28. Bf2 Bxe3 29. Qb2+ e5 30. Rxa3 Rxa3 31. Qxa3 gxf4 32. Bxe3 fxe3 33.
Re1 e2+ 34. Kh2 Qf2 35. Qc1 Kg7 36. Bd3 Qd4 37. Qd2 Nf6 38. Qxe2 b4 39. Rf1
Nh7 40. h4 b3 41. Qg4+ Kf8 42. Qh5 f6 43. Qxh6+ Kg8 44. Qg6+ Kh8 45. Rf5 Qa7
46. Bc4 Qg7 47. Qe8+ Qf8 48. Qxf8+ Nxf8 49. Rxf6 Kg7 {#r} 1-0

[Event "Idaho Closed"]
[Site "Boise, ID"]
[Date "2012.02.19"]
[Round "3.2"]
[White "Stewart, Timothy"]
[Black "Furlow, Blake"]
[Result "0-1"]
[WhiteElo "1901"]
[BlackElo "1517"]

1. d4 Nf6 2. Nf3 d5 3. Bg5 Bf5 4. e3 Nbd7 5. c4 c6 6. Qb3 Bxb1 7. Rxb1 Qa5+ 8.
Kd1 Ne4 9. Kc2 dxc4 10. Bxc4 Nxg5 11. Nxg5 Qf5+ 12. Kd2 Qxg5 13. Bxf7+ Kd8 14.
Qxb7 Rc8 15. Be6 Qa5+ 16. b4 Qc7 17. Qa6 Qd6 18. Qa5+ Ke8 19. Bh3 Rc7 20. Rhc1
e5 21. Bxd7+ Rxd7 22. b5 exd4 23. bxc6 dxe3+ 24. Ke2 Qd3+ 25. Ke1 Qd2+ 26.
Qxd2 exd2+ 27. Ke2 dxc1=N+ 28. Kf3 Rc7 29. Rb8+ Kf7 30. Rb7 Rxb7 31. cxb7 Bd6
{#R} 0-1

[Event "Idaho Closed"]
[Site "Boise, ID"]
[Date "2012.02.19"]
[Round "4.1"]
[White "Furlow, Blake"]
[Black "Parsons, Larry R"]
[Result "0-1"]
[WhiteElo "1517"]
[BlackElo "2000"]

1. e4 g6 2. d4 d6 3. f4 Bg7 4. Nf3 Nf6 5. Bd3 O-O 6. Be3 Ng4 7. Bd2 c5 8. dxc5
Bxb2 9. Bc3 Bxa1 10. Bxa1 dxc5 11. Qc1 Nc6 12. f5 f6 13. fxg6 hxg6 14. O-O Qd6
15. h3 Nge5 16. Qh6 Rf7 17. Rd1 Be6 18. Nc3 Nxf3+ 19. gxf3 Qg3+ 20. Kh1 Rh7
{#R} 0-1

[Event "Larry Parsons Simul"]
[Site "Boise, ID"]
[Date "2012.06.02"]
[Round "1.7"]
[White "Parsons, Larry R"]
[Black "Gorman, Cody"]
[Result "0-1"]
[WhiteElo "2000"]
[BlackElo "1252"]

1. c4 Nf6 2. d4 e6 3. Nf3 b6 4. g3 Bb7 5. Bg2 Be7 6. O-O O-O 7. Nc3 Ne4 8. Qc2
Nxc3 9. Qxc3 f5 10. b3 Bf6 11. Bb2 Qe7 12. Rac1 d6 13. Rfe1 c5 14. Qd2 Nd7 15.
Red1 Rad8 16. Ne1 Bxg2 17. Nxg2 Rfe8 18. e3 Nf8 19. Qc2 g6 20. e4 Qg7 21. Qd3
cxd4 22. Bxd4 Bxd4 23. Qxd4 Qxd4 24. Rxd4 e5 25. Rd5 Kf7 26. f3 Re6 27. Ne3
Rf6 28. Kg2 Ne6 29. Rcd1 Nd4 30. R5xd4 exd4 31. Rxd4 fxe4 32. fxe4 Re6 33. Nd5
Rd7 34. Kf3 g5 35. Kg4 h6 36. Kf5 Re5+ 37. Kg4 Kg6 38. Kf3 Rf7+ 39. Ke2 Kh5
40. h3 Kg6 41. Ne3 Re6 42. Nd5 h5 43. g4 hxg4 44. hxg4 Rh7 45. Ne3 Rh2+ 46.
Kd3 Rxa2 47. Nf5 Rg2 48. Ne3 Rg3 49. Rd5 Rf6 50. Kd4 a5 51. Nf5 Rxg4 52. Nxd6
Re6 53. c5 bxc5+ 54. Kxc5 Kf6 55. Kb5 Re5 56. Kxa5 Rxd5+ 57. exd5 Ke5 58. Nc4+
Kf6 59. Kb5 Re4 60. d6 Ke6 61. Kc5 g4 62. Kc6 Rd4 63. Kc5 Rd5+ 64. Kc6 g3 65.
Kc7 g2 66. Ne3 g1=Q {#R} 0-1

[Event "Boise Festival Simul"]
[Site "?"]
[Date "2012.06.02"]
[Round "1.9"]
[White "Parsons, Larry R"]
[Black "Sawyer, David"]
[Result "0-1"]
[WhiteElo "2000"]
[BlackElo "1944"]

1. d4 Nf6 2. c4 c5 3. Nf3 cxd4 4. Nxd4 Nc6 5. Nc3 g6 6. e4 d6 7. Be2 Nxd4 8.
Qxd4 Bg7 9. O-O O-O 10. Qd3 Be6 11. f3 Rc8 12. Nd5 Re8 13. Rb1 Nd7 14. b4 a5
15. a3 Ne5 16. Qb3 Nc6 17. Bb2 axb4 18. axb4 Nd4 19. Qd3 Bxd5 20. exd5 Qb6 21.
Kh1 Nxe2 22. Qxe2 Bxb2 23. Rxb2 Qd4 24. Rc2 b5 25. Rd1 Qb6 26. cxb5 Rxc2 27.
Qxc2 Qxb5 28. Qc6 Rb8 29. Rb1 Qd3 30. Rc1 Qd2 31. Rb1 Rxb4 32. Qa8+ Kg7 33.
Qa1+ Qd4 34. h3 Qxa1 35. Rxa1 Rd4 36. Ra5 Kf6 37. Kh2 h5 38. Kg3 h4+ 39. Kf2
Rd2+ 40. Kf1 Rc2 41. Ra4 Rd2 42. Rf4+ Kg7 43. Re4 Kf8 44. Rxh4 Rxd5 45. Ra4
Rd2 46. Kg1 f5 47. Kh2 Kf7 48. Kg3 Kf6 49. h4 Ke5 50. h5 gxh5 51. Rh4 d5 52.
Rxh5 d4 53. Rh1 f4+ 54. Kh3 d3 55. Re1+ Re2 56. Rd1 Kd4 57. g4 fxg3 58. Kxg3
d2 59. f4 Ke3 60. Ra1 Re1 61. Ra3+ Ke4 62. Ra4+ Kf5 63. Ra5+ Kf6 {#R} 0-1

[Event "MH Summer Tourny"]
[Site "Mountain Home, ID"]
[Date "2012.07.28"]
[Round "1.1"]
[White "Stewart, Timothy"]
[Black "Chaney, Alle"]
[Result "1-0"]
[WhiteElo "1831"]
[BlackElo "1105"]

1. d4 e6 2. Nf3 Nf6 3. Bg5 Be7 4. Nbd2 Nc6 5. e4 d5 6. e5 Nd7 7. h4 f6 8. exf6
Bxf6 9. Bd3 Bxg5 10. hxg5 g6 11. Bxg6+ Ke7 12. Rxh7+ Rxh7 13. Bxh7 Qh8 14. Bd3
Nxd4 15. c3 Nxf3+ 16. Nxf3 Ne5 17. Kd2 Qg7 18. Nxe5 Qxg5+ 19. Kc2 Qxe5 20. g3
Bd7 21. Qd2 Rf8 22. Re1 Qf6 23. f4 d4 24. cxd4 Qxd4 25. Qe3 Qxe3 26. Rxe3 Kd6
27. Kd2 Re8 28. Bg6 Rg8 29. Bh5 Be8 30. Bxe8 Rxe8 31. Rd3+ Ke7 32. Ke3 Kf6 33.
Kf3 e5 34. Rd7 e4+ 35. Ke3 Kf5 36. Rxc7 Rd8 37. Rc5+ Kg4 38. Rg5+ Kh3 39. Kxe4
Re8+ 40. Kf3 Rh8 41. g4 Rh4 42. Rh5 Rxh5 43. gxh5 Kh4 44. Ke4 Kg4 45. h6 Kh5
46. h7 Kg6 47. h8=Q Kf7 48. Ke5 Kg6 49. f5+ Kg5 50. Qg7+ Kh4 51. f6 Kh3 52. f7
Kh2 53. f8=R Kh1 54. Rh8# 1-0

[Event "WRW Progressive"]
[Site "Hailey, ID"]
[Date "2012.10.06"]
[Round "3.1"]
[White "Sawyer, David L"]
[Black "Mayers, Dan E"]
[Result "1-0"]
[WhiteElo "1925"]
[BlackElo "1841"]

{Game/60;d5} 1. e4 e6 2. d4 d5 3. Nc3 Nf6 4. Bg5 Bb4 5. exd5 exd5 6. Qf3 Be6
7. Bxf6 Qxf6 8. Qxf6 gxf6 9. Nge2 Nd7 10. O-O-O O-O-O 11. a3 Bf8 12. Kb1 Bh6
13. g3 Bg4 14. Bg2 c6 15. b3 Bh5 16. g4 Bg6 17. h4 Bg7 18. h5 Be4 19. f3 f5
20. fxe4 fxe4 21. g5 h6 22. Rdf1 Rdf8 23. g6 fxg6 24. hxg6 Kd8 25. Nd1 Rxf1
26. Rxf1 Rf8 27. c3 Nf6 28. Ne3 Nh5 29. Rf5 Rxf5 30. Nxf5 b6 31. Bh3 c5 32.
Nxg7 Nxg7 33. Nf4 cxd4 34. Ne6+ Nxe6 35. Bxe6 {#r} 1-0

[Event "WRW Progressive"]
[Site "Hailey, ID"]
[Date "2012.10.06"]
[Round "4.1"]
[White "Mayers, Dan E"]
[Black "Gorman, Cody Austin"]
[Result "0-1"]
[WhiteElo "1841"]
[BlackElo "1383"]

{Game/90;d5} 1. e4 c5 2. d4 cxd4 3. c3 dxc3 4. Nxc3 a6 5. a4 e6 6. Bc4 Nc6 7.
Nf3 Qc7 8. O-O Bb4 9. Qe2 Ne5 10. Nxe5 Qxe5 11. f4 Qc7 12. e5 Ne7 13. Ne4 Nf5
14. g4 Nd4 15. Qd3 Nc6 16. Bd2 Be7 17. Bc3 Nb4 18. Qe2 b6 19. Rac1 Qa7 20.
Rcd1 Bb7 21. Nd6+ Bxd6 22. exd6 Nc6 23. Ba2 b5+ 24. Rf2 f6 25. g5 b4 26. Bxf6
gxf6 27. Bxe6 O-O-O 28. Bd5 fxg5 29. fxg5 Rdf8 30. Bf3 Rf5 31. h4 Rhf8 32. Kg2
Kb8 33. Rdf1 Nd4 34. Qe7 Bxf3+ 35. Kg3 R5f7 36. Rxf3 Nxf3 37. Rxf3 Qg1+ 38.
Kh3 Rxf3# 0-1

[Event "National Chess Day"]
[Site "Boise, ID"]
[Date "2012.10.13"]
[Round "7.3"]
[White "Knoll, Lucas"]
[Black "Ruberry, Chip"]
[Result "0-1"]
[WhiteElo "2500"]
[BlackElo "1374"]

1. e4 c5 2. Nf3 d6 3. Bc4 g6 4. d4 cxd4 5. Qxd4 Nf6 6. O-O Bg7 7. Bg5 O-O 8.
Nc3 h6 9. Bf4 e5 10. Nxe5 dxe5 11. Bxe5 Qxd4 12. Bxd4 Nc6 13. Bxf6 Bxf6 14.
Rfe1 Bxc3 15. bxc3 Be6 16. Bd5 Rac8 17. Rab1 b6 18. Rb5 Kg7 19. c4 Ne5 20.
Bxe6 Kf6 21. Bxc8 Rxc8 22. f4 Nxc4 23. e5+ Ke6 24. Rb4 Na3 25. Rd1 Rxc2 26.
Rd6+ Ke7 27. Ra4 Nb5 28. Rd5 Nc3 29. Rxa7+ Ke6 30. Rd6+ Kf5 31. Rxf7+ Ke4 32.
e6 Ke3 33. e7 Rc1+ {#R} 0-1

[Event "Southern Idaho Open"]
[Site "Twin Falls, ID"]
[Date "2012.11.03"]
[Round "1.1"]
[White "Mathur, Abhinav"]
[Black "Ayers, Mark"]
[Result "0-1"]
[WhiteElo "1579"]
[BlackElo "1873"]

1. d4 d5 2. c4 dxc4 3. Nc3 e5 4. Qa4+ Bd7 5. Qxc4 exd4 6. Qxd4 Nc6 7. Qd1 Nf6
8. Nf3 Be7 9. Bf4 O-O 10. e3 a6 11. h3 Qc8 12. a3 Rd8 13. Qc2 h6 14. Bd3 Be6
15. g4 g5 16. Bg3 Bd6 17. Ne4 Nxe4 18. Bxe4 Bxg3 19. fxg3 Bd5 20. O-O Bxe4 21.
Qxe4 Qe6 22. Qxe6 fxe6 23. Rac1 Rd3 24. Kf2 Rad8 25. Ke2 e5 26. Rfd1 Rxd1 27.
Rxd1 Rxd1 28. Kxd1 Kg7 29. Kd2 Kf6 30. Kd3 Nd8 31. Nd2 Ne6 32. Kc4 c6 33. Ne4+
Ke7 34. Nc5 b5+ 35. Kb4 a5+ 36. Kxa5 Nxc5 37. Kb6 Kd6 38. Ka5 Nb3+ 39. Kb4 Nd2
40. Kc3 Ne4+ 41. Kd3 Nf2+ 42. Ke2 Ne4 43. Kd3 Kd5 44. b3 Nxg3 45. a4 bxa4 46.
bxa4 Kc5 47. Kc3 Ne4+ 48. Kb3 Nf2 49. Kc3 Nxh3 {#R} 0-1

[Event "Southern Idaho Open"]
[Site "Twin Falls, ID"]
[Date "2012.11.03"]
[Round "2.1"]
[White "Ayers, Mark"]
[Black "Gretchanei, Petro"]
[Result "0-1"]
[WhiteElo "1873"]
[BlackElo "1692"]

1. Nf3 Nf6 2. c4 b6 3. g3 Bb7 4. Bg2 c5 5. O-O d6 6. Nc3 e5 7. d3 Be7 8. Bg5
Nbd7 9. Ne1 Bxg2 10. Nxg2 h6 11. Bxf6 Nxf6 12. Ne3 O-O 13. Ned5 Nxd5 14. Nxd5
f5 15. e3 Qd7 16. a4 Rab8 17. Rb1 g5 18. f4 gxf4 19. exf4 Bf6 20. Qc2 Rbe8 21.
Rbe1 Qg7 22. Qg2 Kh8 23. Nxf6 Rxf6 24. Qd5 Rg6 25. Re2 h5 26. fxe5 f4 27. Rxf4
Rxg3+ 28. Kf2 Rg1 29. e6 Rg5 30. Qf3 Rg8 31. e7 Rg2+ 32. Ke3 Qxe7+ 33. Re4
Qg5+ 34. Qf4 Rxe2+ 35. Kxe2 Qg2+ 36. Ke3 Qg1+ {The rest of the moves were not
recorded due to time pressure. Likely White played 37.Qf2 Qc1+ 38.Qd2 because
White's move 38 was recorded.} {#R} 0-1

[Event "Southern Idaho Open"]
[Site "Twin Falls, ID"]
[Date "2012.11.03"]
[Round "4.4"]
[White "Ayers, Mark"]
[Black "Barney, Kim"]
[Result "1-0"]
[WhiteElo "1873"]
[BlackElo "1623"]

1. Nf3 Nf6 2. c4 c5 3. Nc3 Nc6 4. g3 g6 5. Bg2 Bg7 6. d4 cxd4 7. Nxd4 Nxd4 8.
Qxd4 O-O 9. O-O a6 10. c5 Re8 11. Rd1 Nh5 12. Qd3 Qa5 13. Be3 Bxc3 14. bxc3
Qc7 15. Rab1 Rb8 16. Rb6 Kg7 17. f4 d6 18. cxd6 exd6 19. Rxd6 Bf5 20. Qd4+ Kg8
21. Bf3 Qe7 22. Bc1 Ng7 23. c4 Bh3 24. e4 Rf8 25. Bb2 f6 26. Rxf6 Rfd8 27. Rd6
Rxd6 28. Qxd6 Qxd6 29. Rxd6 Ne8 30. Rb6 Bc8 31. Be5 Ra8 32. Kf2 Kf7 33. g4 a5
34. a4 Ra6 35. c5 Ke7 36. f5 Rxb6 37. cxb6 Bd7 38. Bd1 Bc6 39. Ke3 Nd6 40. f6+
Ke6 41. Bxd6 Kxd6 42. f7 Ke7 43. Bb3 g5 44. e5 Bd7 45. e6 Bc6 46. Kd4 Bf3 47.
Ke5 Bxg4 48. Bd5 h5 49. Bxb7 Bd1 50. Bc6 Bb3 51. b7 Bxe6 52. f8=Q+ {#r} 1-0

[Event "WIO (Open)"]
[Site "Boise, ID"]
[Date "2012.12.08"]
[Round "1.1"]
[White "Olsoy, Peter John"]
[Black "Yermolinsky, Alex"]
[Result "0-1"]
[WhiteElo "1694"]
[BlackElo "2541"]

1. d4 d5 2. c4 e6 3. Nf3 Nf6 4. Nc3 Be7 5. Bf4 O-O 6. e3 b6 7. cxd5 Nxd5 8.
Bg3 c5 9. Be2 Bb7 10. O-O Nd7 11. Rc1 N7f6 12. a3 Rc8 13. Qa4 a6 14. dxc5 b5
15. Qb3 Rxc5 16. Nxd5 Bxd5 17. Qd3 Qc8 18. Qb1 Qb7 19. b4 Rcc8 20. Rxc8 Rxc8
21. Rc1 Nd7 22. Rc2 Nb6 23. Qc1 Rxc2 24. Qxc2 Nc4 25. Bxc4 bxc4 26. Qa4 Qc8
27. Nd4 c3 28. f3 Bf6 29. Qc2 Qc4 30. Be1 e5 31. Ne2 e4 32. Nxc3 exf3 33. gxf3
Bxf3 34. Qd2 h5 35. Nd1 Qg4+ {#R} 0-1